00596nam a2200217Ia 4500003000400000005001700004008004100021020001500062040001800077041000800095082002100103245004400124250001200168260006300180300002500243440000600268500001300274650004000287650002000327650003100347OSt20241129140741.0210716s2005 xx 000 0 und d a8189410008 cAIMIT LIBRARY aeng a658.56 21bICFA aCase studies in operations management / a1st ed. aHyderabad :bICFAI centre for management research ,c2005. a320p. ;bHBc25.8 cm vI aVolume-I aDomino's India logistics management aSix sigma at GE aThe ford production system